Fast Typing - SpongeBob - Statistics

General Stats
  • This quiz has been taken 310 times
  • The average score is 16 of 30
Answer Stats
Hint Answer % Correct
SpongeBob SpongeBob
99%
SpongeBob SpongeBob
94%
SpongeBob SpongeBob
92%
SpongeBob SpongeBob
91%
SpongeBob SpongeBob
90%
SpongeBob SpongeBob
88%
SpongeBob SpongeBob
85%
SpongeBob SpongeBob
81%
SpongeBob SpongeBob
76%
SpongeBob SpongeBob
74%
SpongeBob SpongeBob
67%
SpongeBob SpongeBob
64%
SpongeBob SpongeBob
59%
SpongeBob SpongeBob
51%
SpongeBob SpongeBob
47%
SpongeBob SpongeBob
42%
SpongeBob SpongeBob
38%
SpongeBob SpongeBob
36%
SpongeBob SpongeBob
35%
SpongeBob SpongeBob
34%
SpongeBob SpongeBob
32%
SpongeBob SpongeBob
32%
SpongeBob SpongeBob
30%
SpongeBob SpongeBob
30%
SpongeBob SpongeBob
30%
SpongeBob SpongeBob
29%
SpongeBob SpongeBob
28%
SpongeBob SpongeBob
27%
SpongeBob SpongeBob
27%
SpongeBob SpongeBob
27%
No matching quizzes found
Score Distribution
Percent of People with Each Score
Percentile by Number Answered
Your Score History
You have not taken this quiz